000 00378nam a2200145Ia 4500
005 20251222143303.0
008 251222s9999||||xx |||||||||||||| ||spa||
020 _a9789972573675
082 _a658.408/C28
100 _aCaravedo Molinari, Baltazar
245 0 _aLa Energía Social en las Empresas B
250 _a1ra.ed.
264 _bUniversidad del Pacífico
942 _cLIB
999 _c15412
_d15412